Statistics for Countries not in "Nations of the World" song

Click here to take the quiz!

General Stats

  • This quiz has been taken 14 times
  • The average score is 50 of 59

Answer Stats

Answer% Correct
Andorra
100%
Belarus
100%
Grenada
100%
Kazakhstan
100%
Kosovo
100%
Kyrgyzstan
100%
Marshall Islands
100%
Palau
100%
Saint Kitts and Nevis
100%
Saint Lucia
100%
Saint Vincent and the Grenadines
100%
Samoa
100%
Tajikistan
100%
Tonga
100%
Turkmenistan
100%
Ukraine
100%
Uzbekistan
100%
Vatican City
100%
Antigua and Barbuda
89%
Comoros
89%
Croatia
89%
Czech Republic
89%
Maldives
89%
Micronesia
89%
Moldova
89%
Montenegro
89%
Nauru
89%
North Macedonia
89%
San Marino
89%
São Tomé and Principe
89%
Serbia
89%
Slovakia
89%
Slovenia
89%
Solomon Islands
89%
South Sudan
89%
Tuvalu
89%
Vanuatu
89%
Armenia
78%
Azerbaijan
78%
Bosnia and Herzegovina
78%
Cape Verde
78%
Dominica
78%
East Timor
78%
Eritrea
78%
Estonia
78%
Georgia
78%
Kiribati
78%
Latvia
78%
Lithuania
78%
Seychelles
78%
Singapore
78%
Brunei
67%
Burkina Faso
67%
Mauritius
67%
Central African Republic
56%
Côte d'Ivoire
56%
Equatorial Guinea
56%
United Arab Emirates
56%
South Africa
44%

Score Distribution

Percentile by Number Answered

Percent of People with Each Score

Your Score History

You have not taken this quiz